[Event "KasparovChess GP g/5"]
[Site "Internet"]
[Date "2000.02.15"]
[Round "2.6"]
[White "Morozevich, Alexander"]
[Black "Piket, Jeroen"]
[Result "0-1"]
[WhiteElo "2748"]
[BlackElo "2633"]
[PlyCount "108"]
[EventDate "2000.02.09"]
[Source "ChessBase"]
[SourceDate "2000.05.31"]

1. e4 e5 2. f4 exf4 3. Nf3 Be7 4. Bc4 Nf6 5. e5 Ng4 6. Nc3 d6 7. exd6 Qxd6 8. d4 O-O 9. O-O c6 10. Ne4 Qg6 11. Bd3 Bf5 12. Qe2 Ne3 13. Bxe3 Bxe4 14. Bxf4 Bxd3 15. cxd3 Bf6 16. Ne5 Bxe5 17. dxe5 Nd7 18. Rf3 Rae8 19. d4 Qe6 20. Rg3 f5 21. Qh5 Rf7 22. b3 Nb6 23. Rf1 Nd5 24. Bh6 Ree7 25. Bg5 Re8 26. Qh4 Ref8 27. Rff3 f4 28. Rg4 a5 29. Bxf4 Ne7 30. Rh3 g6 31. Rf3 a4 32. h3 axb3 33. axb3 Nf5 34. Qf2 Ne7 35. Qd2 Nd5 36. Qf2 Ne7 37. Qd2 Nd5 38. Qf2 h5 39. Rh4 Kh7 40. Qg3 Rf5 41. Kh2 R8f7 42. Qf2 b5 43. Qd2 b4 44. Qf2 Qe7 45. Qg3 Qe6 46. Bd2 Rxf3 47. gxf3 Qf5 48. Re4 Qxf3 49. Qxf3 Rxf3 50. Bg5 Rf8 51. e6 Re8 52. e7 Kg7 53. Re6 Kf7 54. Rxc6 Nxe7 0-1

[Event "NED-ch"]
[Site "Leeuwarden"]
[Date "2002.06.22"]
[Round "3"]
[White "Reinderman, Dimitri"]
[Black "Sokolov, Ivan"]
[Result "1/2-1/2"]
[WhiteElo "2537"]
[BlackElo "2647"]
[PlyCount "84"]
[EventDate "2002.06.20"]
[Source "ChessBase"]
[SourceDate "2002.09.20"]

1. e4 e5 2. f4 exf4 3. Nf3 Be7 4. Bc4 Nf6 5. e5 Ne4 6. O-O d5 7. exd6 Nxd6 8. Bb3 O-O 9. d4 c5 10. Bxf4 cxd4 11. Nxd4 Nd7 12. Nc3 Nf6 13. Nd5 Nxd5 14. Bxd5 Ne8 15. Bb3 Nf6 16. c3 Bg4 17. Qe1 Bc5 18. Qg3 Qd7 19. Be3 Ne4 20. Qh4 Be7 21. Qe1 Rae8 22. h3 Bh5 23. Nf5 Bf6 24. Ng3 Bh4 25. Nxh5 Bxe1 26. Raxe1 Qb5 27. g4 Nc5 28. Rf5 Rxe3 29. Rxe3 Qb6 30. Bxf7+ Kh8 31. Rf2 g6 32. Ng3 Nd7 33. Nf1 Kg7 34. Bb3 Rxf2 35. Kxf2 Nc5 36. Nd2 Qd6 37. Ke2 Qh2+ 38. Ke1 Qg1+ 39. Ke2 Qg2+ 40. Ke1 Qg1+ 41. Nf1 Qg2 42. Nd2 Qg1+ 1/2-1/2

[Event "Hastings Challengers 9091"]
[Site "Hastings"]
[Date "1990.??.??"]
[Round "?"]
[White "Gallagher, Joseph G"]
[Black "Vladimirov, Evgeny"]
[Result "1/2-1/2"]
[WhiteElo "2495"]
[BlackElo "2575"]
[PlyCount "25"]
[EventDate "1990.12.??"]
[Source "ChessBase"]

1. e4 e5 2. f4 exf4 3. Nf3 Be7 4. Bc4 Nf6 5. e5 Ng4 6. Nc3 d6 7. exd6 Qxd6 8. Qe2 O-O 9. d4 Nc6 10. Nd5 Ne3 11. Bxe3 fxe3 12. Qxe3 Re8 13. O-O 1/2-1/2

[Event "Vrnjacka Banja"]
[Site "Vrnjacka Banja"]
[Date "1991.??.??"]
[Round "14"]
[White "Hebden, Mark"]
[Black "Malaniuk, Vladimir P"]
[Result "1/2-1/2"]
[WhiteElo "2475"]
[BlackElo "2500"]
[PlyCount "79"]
[EventDate "1991.04.??"]
[Source "ChessBase"]

1. e4 e5 2. f4 exf4 3. Nf3 Be7 4. Bc4 Nf6 5. e5 Ng4 6. O-O Nc6 7. d4 d5 8. exd6 Bxd6 9. Nc3 O-O 10. Ne4 Nf6 11. Nxd6 Qxd6 12. c3 Bg4 13. Qd2 Nd5 14. Bxd5 Qxd5 15. Qxf4 Bxf3 16. Qxf3 Qxf3 17. Rxf3 Rad8 18. Bf4 Rd7 19. Re1 Nd8 20. b3 Ne6 21. Bc1 Rfd8 22. Rf5 Rd5 23. Ree5 c6 24. a4 f6 25. Rxd5 cxd5 26. Kf2 Kf7 27. Ke2 Rd6 28. Kd3 g6 29. Rf2 h5 30. g3 g5 31. Ba3 Rd7 32. Ke3 Kg6 33. Kd3 Kf7 34. Bc1 Rd6 35. Re2 Rb6 36. Kc2 Rd6 37. Re1 Rd7 38. Ba3 Rc7 39. Kd3 Rd7 40. Bc1 1/2-1/2

[Event "Minsk"]
[Site "Minsk"]
[Date "1995.??.??"]
[Round "6"]
[White "Fedorov, Alexei"]
[Black "Kochetkov, German"]
[Result "1/2-1/2"]
[WhiteElo "2495"]
[BlackElo "2465"]
[PlyCount "44"]
[EventDate "1995.??.??"]
[Source "ChessBase"]

1. e4 e5 2. f4 exf4 3. Nf3 Be7 4. Bc4 Nf6 5. e5 Ng4 6. O-O d5 7. exd6 Qxd6 8. d4 Be6 9. Bxe6 fxe6 10. Nc3 O-O 11. h4 Nh6 12. Ne5 c5 13. Bxf4 Rxf4 14. Rxf4 cxd4 15. Rxd4 Qxe5 16. Rd8+ Kf7 17. Qf3+ Nf5 18. Rc8 Bc5+ 19. Kh1 Bd6 20. g3 Ke7 21. Qxb7+ Nd7 22. Rxa8 Nxg3+ 1/2-1/2

[Event "Las Palmas"]
[Site "?"]
[Date "1987.??.??"]
[Round "?"]
[White "Illescas Cordoba, M."]
[Black "Fernandez Garcia, J."]
[Result "1-0"]
[WhiteElo "2505"]
[BlackElo "2450"]
[PlyCount "51"]
[EventDate "1987.??.??"]
[Source "ChessBase"]
[SourceDate "1987.01.01"]

1. e4 e5 2. f4 exf4 3. Nf3 Be7 4. Bc4 Nf6 5. e5 Ng4 6. O-O Nc6 7. d4 d5 8. exd6 Bxd6 9. Qe1+ Kf8 10. Nc3 Bf5 11. Nh4 Qg5 12. Nxf5 Qxf5 13. Qe4 Qxe4 14. Nxe4 Rd8 15. c3 Na5 16. Nxd6 Rxd6 17. Be2 Ne3 18. Rxf4 Re6 19. Bf3 c6 20. b3 Nd5 21. Ba3+ Kg8 22. Bxd5 cxd5 23. Rf5 Ra6 24. Rxd5 g6 25. Rd7 Nc6 26. Bb2 1-0

[Event "4NCL"]
[Site "Wokefield Park ING"]
[Date "2008.03.02"]
[Round "8.2"]
[White "Rechel, Bernd"]
[Black "Hebden, Mark L"]
[Result "1-0"]
[WhiteElo "2415"]
[BlackElo "2530"]
[PlyCount "95"]
[EventDate "2008.01.12"]
[Source "www.chesslib.no"]
[SourceDate "2004.05.04"]

1. e4 e5 2. f4 exf4 3. Nf3 Be7 4. Bc4 Nf6 5. e5 Ng4 6. d4 d5 7. exd6 Bh4+ 8. Kf1 O-O 9. Bxf4 cxd6 10. Nxh4 Qxh4 11. Qd2 Nc6 12. Nc3 Re8 13. Nb5 Be6 14. Bxe6 Rxe6 15. d5 Rf6 16. Kg1 Nce5 17. Rf1 Nc4 18. Qd4 a6 19. Nc3 Rc8 20. h3 Nh6 21. b3 Na3 22. Qb4 b5 23. Rf3 Nxc2 24. Qe4 b4 25. Bxd6 Qxe4 26. Nxe4 Rxf3 27. gxf3 Nf5 28. Kf2 Nce3 29. Bxb4 Nxd5 30. Bd2 Nfe7 31. Rc1 Rxc1 32. Bxc1 Nb4 33. Bd2 Nec6 34. a3 Nc2 35. a4 Kf8 36. Nc5 N2b4 37. Bxb4 Nxb4 38. Ke3 Nd5+ 39. Kd4 Nc7 40. Nb7 Ne6+ 41. Kd5 Ke7 42. Nc5 Nf4+ 43. Kc6 Nxh3 44. b4 Ng5 45. b5 axb5 46. a5 Nxf3 47. a6 Nd4+ 48. Kd5 1-0

[Event "Moscow-ch"]
[Site "Moscow"]
[Date "1999.??.??"]
[Round "5"]
[White "Lastin, Alexander"]
[Black "Donchenko, Anatoly G"]
[Result "0-1"]
[WhiteElo "2558"]
[BlackElo "2382"]
[PlyCount "51"]
[EventDate "1999.??.??"]
[Source "www.chesslib.no"]
[SourceDate "2004.05.04"]

1. e4 e5 2. f4 exf4 3. Nf3 Be7 4. Bc4 Nf6 5. e5 Nh5 6. Nc3 d6 7. O-O O-O 8. d4 g6 9. Nd5 Be6 10. Re1 dxe5 11. Rxe5 Bd6 12. Rxh5 gxh5 13. Qd3 Nd7 14. Nxf4 Bxc4 15. Qxc4 Qf6 16. Nd3 c6 17. Bg5 Qg6 18. Qb3 b6 19. Rf1 Rae8 20. Rf2 Re4 21. Qa4 Ne5 22. Ndxe5 Bxe5 23. c3 c5 24. Bd2 cxd4 25. Nxe5 Rxe5 26. Qxd4 0-1

[Event "BL2-Nord 0001"]
[Site "Germany"]
[Date "2000.10.15"]
[Round "1.1"]
[White "Bangiev, Alexander"]
[Black "Stern, Rene"]
[Result "0-1"]
[WhiteElo "2430"]
[BlackElo "2493"]
[PlyCount "64"]
[EventDate "2000.10.15"]
[Source "ChessBase"]
[SourceDate "2001.07.03"]

1. e4 e5 2. f4 exf4 3. Nf3 Be7 4. Bc4 Nf6 5. e5 Ng4 6. O-O Nc6 7. d4 d5 8. exd6 Bxd6 9. Re1+ Ne7 10. h3 Nf6 11. Nc3 O-O 12. Ne5 Ng6 13. Nxg6 hxg6 14. Qf3 g5 15. Ne4 Nxe4 16. Qxe4 Qf6 17. c3 c6 18. Bd2 Bd7 19. Qf3 g6 20. Re2 Kg7 21. Rae1 Rh8 22. Re5 Rae8 23. Rxe8 Bxe8 24. Bf1 Bd7 25. Qf2 g4 26. hxg4 g5 27. Qf3 Rh4 28. Qe4 Qh6 29. Kf2 Rh2 30. Ke2 Bxg4+ 31. Kd3 Qf6 32. Qe8 Rh8 0-1

[Event "Copenhagen Unibank"]
[Site "Copenhagen DEN"]
[Date "1991.??.??"]
[Round "6"]
[White "Asanov, Bolat"]
[Black "Malaniuk, Vladimir P"]
[Result "1/2-1/2"]
[WhiteElo "2400"]
[BlackElo "2510"]
[PlyCount "111"]
[EventDate "1991.07.??"]
[Source "www.chesslib.no"]
[SourceDate "2004.05.04"]

1. e4 e5 2. f4 exf4 3. Nf3 Be7 4. Bc4 Nf6 5. e5 Nh5 6. d4 d5 7. exd6 Bxd6 8. Qe2+ Qe7 9. Qxe7+ Bxe7 10. O-O O-O 11. Ne5 Be6 12. Be2 Nf6 13. Bf3 c6 14. Bxf4 Rd8 15. c3 Nbd7 16. Nd2 Nd5 17. Bg3 Ne3 18. Rf2 Nxe5 19. Bxe5 Ng4 20. Re2 Nxe5 21. Rxe5 Rac8 22. Bg4 Bxg4 23. Rxe7 Rd7 24. Rae1 Kf8 25. Rxd7 Bxd7 26. Nc4 b6 27. Nd6 Rd8 28. c4 Be6 29. c5 bxc5 30. dxc5 Bxa2 31. Ra1 Bd5 32. Rxa7 g6 33. Kf2 Kg7 34. g3 Rb8 35. Rb7 Rxb7 36. Nxb7 Kf6 37. b4 Ke5 38. Ke3 Be6 39. h4 h6 40. Nd6 Kd5 41. Kd3 f5 42. Ke3 g5 43. hxg5 hxg5 44. Kd3 f4 45. gxf4 gxf4 46. Ke2 Bg4+ 47. Kf2 Kd4 48. Nb7 Be6 49. Nd8 Bd5 50. b5 cxb5 51. c6 Be4 52. c7 Bf5 53. Kf3 Bc8 54. Kxf4 Kc5 55. Ke3 b4 56. Kd2 1/2-1/2

[Event "Islington ENG"]
[Site "Islington ENG"]
[Date "1990.??.??"]
[Round "?"]
[White "Gallagher, Joseph G"]
[Black "Wells, Peter K"]
[Result "1-0"]
[WhiteElo "2470"]
[BlackElo "2415"]
[PlyCount "81"]
[EventDate "1990.??.??"]
[Source "www.chesslib.no"]
[SourceDate "2004.05.04"]

1. e4 e5 2. f4 exf4 3. Nf3 Be7 4. Bc4 Nf6 5. e5 Ng4 6. d4 d5 7. exd6 Bxd6 8. Qe2+ Qe7 9. Qxe7+ Kxe7 10. Nc3 Be6 11. Bd3 Rd8 12. Ne4 Bd5 13. Nxd6 Rxd6 14. Bxf4 Re6+ 15. Kd2 Nf2 16. Rhe1 Nxd3 17. Kxd3 Bxf3 18. gxf3 Na6 19. c4 Kd7 20. Rxe6 fxe6 21. Be5 g6 22. Ke4 Nb4 23. h4 Nc6 24. h5 gxh5 25. Rh1 Rf8 26. Rxh5 Rf7 27. Rh1 Ne7 28. b4 c6 29. a4 b5 30. axb5 cxb5 31. cxb5 Nd5 32. Ra1 Nc3+ 33. Kd3 Nxb5 34. Kc4 Nd6+ 35. Bxd6 Kxd6 36. Ra6+ Ke7 37. Rxa7+ Kf6 38. Rxf7+ Kxf7 39. d5 h5 40. dxe6+ Kxe6 41. Kd4 1-0

[Event "Edinburgh Open"]
[Site "Ednburgh"]
[Date "1989.??.??"]
[Round "8"]
[White "Hebden, Mark L"]
[Black "Wells, Peter K"]
[Result "0-1"]
[WhiteElo "2455"]
[BlackElo "2410"]
[PlyCount "39"]
[EventDate "1989.03.24"]
[Source "www.chesslib.no"]
[SourceDate "2004.05.04"]

1. e4 e5 2. f4 exf4 3. Nf3 Be7 4. Bc4 Nf6 5. e5 Ng4 6. O-O Nc6 7. d4 d5 8. exd6 Bxd6 9. Nc3 O-O 10. Ne4 Bf5 11. Nfg5 f3 12. Rxf3 Bxh2+ 13. Kh1 Qxd4 14. Qf1 Bxe4 15. Rxf7 Bd5 16. Bxd5 Qxd5 17. Rxf8+ Rxf8 18. Qe2 Bd6 19. Bd2 Qe5 20. Qxe5 0-1

[Event "Eurodata"]
[Site "Budapest HUN"]
[Date "1992.??.??"]
[Round "13"]
[White "David, Alberto"]
[Black "Lukacs, Peter"]
[Result "1/2-1/2"]
[WhiteElo "2365"]
[BlackElo "2490"]
[PlyCount "36"]
[EventDate "1992.10.??"]
[Source "www.chesslib.no"]
[SourceDate "2004.05.04"]

1. e4 e5 2. f4 exf4 3. Nf3 Be7 4. Bc4 Nf6 5. e5 Ng4 6. O-O Nc6 7. d4 d5 8. exd6 Bxd6 9. Nc3 O-O 10. Ne4 h6 11. h3 Nf6 12. Nxd6 Qxd6 13. c3 Ne4 14. Re1 Ng5 15. Ne5 Nxe5 16. Rxe5 Be6 17. Bxe6 fxe6 18. Qg4 Qb6 1/2-1/2

[Event "Budapest FS07 GM"]
[Site "Budapest"]
[Date "2002.07.14"]
[Round "9"]
[White "Radziewicz, Iweta"]
[Black "Lukacs, Peter"]
[Result "1-0"]
[WhiteElo "2407"]
[BlackElo "2444"]
[PlyCount "71"]
[EventDate "2002.07.06"]
[Source "ChessBase"]
[SourceDate "2002.09.11"]

1. e4 e5 2. f4 exf4 3. Nf3 Be7 4. Bc4 Nf6 5. e5 Ng4 6. d4 d5 7. exd6 Qxd6 8. O-O O-O 9. Nc3 Nc6 10. Nd5 g5 11. h3 Nh6 12. h4 Bg4 13. Qd3 Bxf3 14. Rxf3 b5 15. Bb3 Kh8 16. Nxe7 Nxd4 17. Rh3 g4 18. Nd5 Qe5 19. Bxf4 Ne2+ 20. Qxe2 Qxe2 21. Re3 Qd2 22. Bxh6 c6 23. Nc3 Qd6 24. Bxf8 Rxf8 25. Rae1 Qd4 26. Kh1 Qd8 27. g3 f5 28. Ne2 Re8 29. Nf4 Rxe3 30. Rxe3 Qd2 31. Re2 Qc1+ 32. Kh2 Kg7 33. c3 a5 34. Be6 Qb1 35. a3 a4 36. Bd7 1-0

[Event "FIN-ch"]
[Site "FIN"]
[Date "1998.??.??"]
[Round "6"]
[White "Westerinen, Heikki MJ"]
[Black "Holmsten, Aleksei"]
[Result "1/2-1/2"]
[WhiteElo "2410"]
[BlackElo "2425"]
[PlyCount "80"]
[EventDate "1998.??.??"]
[Source "www.chesslib.no"]
[SourceDate "2004.05.04"]

1. e4 e5 2. f4 exf4 3. Nf3 Be7 4. Bc4 Nf6 5. e5 Ng4 6. d4 d5 7. Bb3 Bh4+ 8. Kf1 Ne3+ 9. Bxe3 fxe3 10. Nc3 c6 11. Qd3 Bf2 12. Nd1 O-O 13. Nxf2 exf2 14. Kxf2 f6 15. exf6 Qxf6 16. Rhf1 Bf5 17. Qd2 Nd7 18. Kg1 Qd6 19. Rae1 Bg4 20. Ne5 Nxe5 21. Rxf8+ Rxf8 22. Rxe5 Qf6 23. Qe1 Bf5 24. c3 Bd3 25. Re8 Rxe8 26. Qxe8+ Qf8 27. Qxf8+ Kxf8 28. Bd1 Ke7 29. Bg4 b6 30. Kf2 Be4 31. g3 g5 32. Ke3 Kd6 33. b4 h6 34. h4 Bc2 35. Bh5 Bh7 36. hxg5 hxg5 37. Kf3 Bf5 38. Bg4 Bc2 39. Ke3 Bg6 40. Bc8 Bh5 1/2-1/2

[Event "Doual"]
[Site "?"]
[Date "1993.??.??"]
[Round "?"]
[White "Gallagher, Joseph G"]
[Black "Timmerman, Gert Jan"]
[Result "1-0"]
[WhiteElo "2500"]
[BlackElo "2325"]
[PlyCount "51"]
[EventDate "1993.??.??"]
[Source "www.chesslib.no"]
[SourceDate "2004.05.04"]

1. e4 e5 2. f4 exf4 3. Nf3 Be7 4. Bc4 Nf6 5. e5 Ng4 6. Nc3 d6 7. exd6 Bxd6 8. Qe2+ Kf8 9. d4 Bf5 10. O-O g5 11. h3 Nh6 12. h4 f6 13. hxg5 fxg5 14. Ne4 Bxe4 15. Qxe4 Nc6 16. d5 Na5 17. Nxg5 Qxg5 18. Bxf4 Bxf4 19. Rxf4+ Kg7 20. Qd4+ Kg8 21. d6+ Nxc4 22. Qxc4+ Kg7 23. Raf1 Rhf8 24. Rxf8 Rxf8 25. Rxf8 Kxf8 26. dxc7 1-0

[Event "Hawick Open"]
[Site "Hawick Open"]
[Date "1994.??.??"]
[Round "?"]
[White "Kennaugh, Charles"]
[Black "Hebden, Mark L"]
[Result "0-1"]
[WhiteElo "2295"]
[BlackElo "2530"]
[PlyCount "42"]
[EventDate "1994.??.??"]
[Source "www.chesslib.no"]
[SourceDate "2004.05.04"]

1. e4 e5 2. f4 exf4 3. Nf3 Be7 4. Bc4 Nf6 5. e5 Ng4 6. O-O O-O 7. h3 d5 8. Bb3 c5 9. hxg4 c4 10. Ba4 b5 11. Bxb5 Qb6+ 12. Kh1 Qxb5 13. Nc3 Qc6 14. d4 Bxg4 15. Bxf4 Nd7 16. Qd2 Bxf3 17. Rxf3 f6 18. exf6 Bxf6 19. Re1 Rf7 20. Rfe3 Nf8 21. Be5 Bg5 0-1

[Event "Schwarzach Open A, Salzburg AUT"]
[Site "?"]
[Date "2001.??.??"]
[Round "5"]
[White "Pinkas, K."]
[Black "Klovans, J."]
[Result "0-1"]
[WhiteElo "2375"]
[BlackElo "2445"]
[PlyCount "100"]
[EventDate "2001.??.??"]
[Source "www.chesslib.no"]
[SourceDate "2004.05.04"]

1. e4 e5 2. f4 exf4 3. Nf3 Be7 4. Bc4 Nf6 5. e5 Ng4 6. d4 d5 7. exd6 Bxd6 8. O-O O-O 9. Nc3 Nc6 10. Ne4 Bf5 11. Nxd6 Qxd6 12. c3 Ne3 13. Bxe3 fxe3 14. Nh4 Be6 15. Nf5 Bxf5 16. Rxf5 Rae8 17. Qf3 Re7 18. Re1 g6 19. Rf6 Qd8 20. h4 Na5 21. Bf1 c5 22. d5 c4 23. g4 b5 24. g5 Nb7 25. Qf4 Nc5 26. d6 Re4 27. Qg3 Nd3 28. Bg2 Re5 29. Re2 Rfe8 30. Bc6 R8e6 31. Rxe6 Rxe6 32. Bxb5 Rxd6 33. Bxc4 Qb6 34. Kh2 Nxb2 35. Bb3 Rd2 36. Qf3 Qc7+ 37. Kh3 Rxe2 38. Qxe2 Qxc3 39. Qf3 Qc8+ 40. Kg2 Qe8 41. Qe2 Na4 42. Kf3 Nc5 43. Bd5 Qe5 44. Ba8 Ne6 45. Qxe3 Nd4+ 46. Kf2 Qh2+ 47. Kf1 Nf5 48. Qe8+ Kg7 49. Bd5 Ng3+ 50. Ke1 Qg1+ 0-1

[Event "Corr"]
[Site "?"]
[Date "2001.09.01"]
[Round "?"]
[White "Johansen John Martin (NOR)"]
[Black "Leal Domingo Daniel (ARG"]
[Result "1/2-1/2"]
[WhiteElo "2339"]
[BlackElo "2451"]
[PlyCount "77"]
[EventDate "2001.??.??"]
[Source "www.chesslib.no"]
[SourceDate "2004.05.04"]

1. e4 e5 2. f4 exf4 3. Nf3 Be7 4. Bc4 Nf6 5. e5 Ng4 6. O-O Nc6 7. d4 d5 8. exd6 Bxd6 9. Qe2+ Qe7 10. Qxe7+ Nxe7 11. Ng5 O-O 12. Bxf4 Nf5 13. Bxd6 cxd6 14. Bd3 Nge3 15. Re1 Bd7 16. Nd2 Rfe8 17. Ngf3 Rac8 18. c4 Re7 19. Bxf5 Bxf5 20. Nf1 Rce8 21. Rxe3 Rxe3 22. Nxe3 Rxe3 23. Kf2 Re7 24. Rc1 Kf8 25. Rc3 h6 26. d5 Re4 27. a3 b6 28. h3 Ke7 29. Nd2 Re5 30. Re3 Rxe3 31. Kxe3 a5 32. b4 axb4 33. axb4 g5 34. Nf3 Bb1 35. h4 f6 36. hxg5 hxg5 37. Nd2 Bf5 38. Ke2 Bg4+ 39. Kd3 1/2-1/2

[Event "Mitropa Cup"]
[Site "Buekfuerdo"]
[Date "1995.??.??"]
[Round "5"]
[White "Belotti, Bruno"]
[Black "Loncar, Robert"]
[Result "0-1"]
[WhiteElo "2405"]
[BlackElo "2385"]
[PlyCount "46"]
[EventDate "1995.02.??"]
[Source "ChessBase"]

1. e4 e5 2. f4 exf4 3. Nf3 Be7 4. Bc4 Nf6 5. e5 Ng4 6. O-O d5 7. exd6 Qxd6 8. d4 O-O 9. Nc3 Qh6 10. h3 Ne3 11. Bxe3 fxe3 12. Ne5 Be6 13. Bxe6 Qxe6 14. Qf3 c5 15. Qxb7 cxd4 16. Nd5 Bd6 17. Nf3 e2 18. Qxa8 exf1=Q+ 19. Kxf1 Bg3 20. Qb7 Rd8 21. c4 dxc3 22. Nxc3 Qe3 23. Ne4 Qd3+ 0-1

[Event "Corr"]
[Site "?"]
[Date "2000.09.25"]
[Round "?"]
[White "Kempen Heinz-Erich van (GE"]
[Black "Samraoui Mohamed (ALG)"]
[Result "1/2-1/2"]
[WhiteElo "2593"]
[BlackElo "2175"]
[PlyCount "94"]
[EventDate "2000.??.??"]
[Source "www.chesslib.no"]
[SourceDate "2004.05.04"]

1. e4 e5 2. f4 exf4 3. Nf3 Be7 4. Bc4 Nf6 5. e5 Ng4 6. O-O Nc6 7. d4 d5 8. exd6 Bxd6 9. Qe1+ Kf8 10. h3 Nh6 11. Nc3 f6 12. Ne4 g5 13. h4 g4 14. Nxd6 Qxd6 15. Qe4 Nf5 16. Bxf4 Qe7 17. Nd2 Kg7 18. Rae1 Qxe4 19. Nxe4 Nfxd4 20. Nxf6 Bf5 21. Nd5 b5 22. c3 bxc4 23. cxd4 Bd3 24. Nxc7 Bxf1 25. Rxf1 Kg6 26. d5 Nb4 27. Be5 Raf8 28. Bxh8 Rxh8 29. a3 Rc8 30. d6 Nc6 31. Ne6 Rb8 32. d7 Rxb2 33. Rf8 g3 34. Kf1 Rf2+ 35. Rxf2 gxf2 36. Kxf2 Kh5 37. Ke3 Kxh4 38. d8=Q+ Nxd8 39. Nxd8 Kg3 40. Ne6 Kxg2 41. Kd4 Kg3 42. Kxc4 Kg4 43. Kd3 h5 44. Ke2 Kf5 45. Nd4+ Ke4 46. Nf3 Kf4 47. Ng1 h4 1/2-1/2

[Event "Ch World (juniors)"]
[Site "Warsaw POL"]
[Date "1991.??.??"]
[Round "?"]
[White "Bauer, Christian"]
[Black "Kunte, Abhijit"]
[Result "1-0"]
[WhiteElo "2485"]
[BlackElo "2280"]
[PlyCount "131"]
[EventDate "1991.??.??"]
[Source "www.chesslib.no"]
[SourceDate "2004.05.04"]

1. e4 e5 2. f4 exf4 3. Nf3 Be7 4. Bc4 Nf6 5. e5 Ng4 6. d4 d5 7. Be2 O-O 8. Bxf4 f6 9. O-O Nc6 10. exf6 Rxf6 11. Ne5 Ncxe5 12. dxe5 Bc5+ 13. Kh1 Rg6 14. Bd3 Rg5 15. Bxg5 Qxg5 16. Qf3 Be6 17. Nc3 Qxe5 18. Qg3 Nf2+ 19. Rxf2 Qxg3 20. hxg3 Bxf2 21. Rf1 Bxg3 22. Rf3 Bh4 23. Re3 Bf7 24. Rh3 Bf6 25. Bxh7+ Kf8 26. Bf5 g6 27. Bg4 Re8 28. Rf3 Kg7 29. Kg1 c6 30. Kf2 Be6 31. Bxe6 Rxe6 32. Ne2 Re7 33. b3 Be5 34. Ke1 c5 35. Kd2 Rf7 36. Re3 Kf6 37. Rd3 Ke6 38. Ke1 d4 39. Ng1 Kd5 40. Rh3 g5 41. Rh5 Bg3+ 42. Kd2 Rf2+ 43. Ne2 Bf4+ 44. Ke1 Be3 45. Rxg5+ Bxg5 46. Kxf2 c4 47. Ke1 c3 48. Kd1 Ke4 49. Nc1 Kf4 50. Nd3+ Kg3 51. Ke2 Kxg2 52. Nc5 b5 53. Kd3 Bf6 54. Ne6 b4 55. Nf4+ Kf1 56. Nd5 Bd8 57. Nxb4 Ke1 58. Nc6 Bb6 59. b4 Kd1 60. a4 a6 61. a5 Bc7 62. Nxd4 Ke1 63. Kxc3 Kf2 64. Nb3 Ke3 65. Nc5 Kf4 66. Ne6+ 1-0

[Event "Lewkowitz mem-A corr9498"]
[Site "?"]
[Date "1994.??.??"]
[Round "?"]
[White "Callaghan jr., Richard S"]
[Black "Fernandez Fornes, Juan Alberto"]
[Result "1-0"]
[WhiteElo "2450"]
[BlackElo "2305"]
[PlyCount "65"]
[EventDate "1994.??.??"]
[Source "www.chesslib.no"]
[SourceDate "2004.05.04"]

1. e4 e5 2. f4 exf4 3. Nf3 Be7 4. Bc4 Nf6 5. e5 Ng4 6. O-O Nc6 7. d4 d5 8. exd6 Bxd6 9. Qe1+ Kf8 10. Nc3 Bf5 11. Nh4 Nxd4 12. Bxf4 Be6 13. Bxe6 Nxe6 14. Bg3 Bxg3 15. Qxg3 Nf6 16. Nf5 c6 17. Rad1 Qc7 18. Qh4 h5 19. Nxg7 Nxg7 20. Qxf6 Qe7 21. Ne4 Qxf6 22. Rxf6 Ne6 23. Rd7 Nd8 24. Rfd6 Kg7 25. Ng3 b6 26. Nf5+ Kh7 27. Re7 Rf8 28. Rh6+ Kg8 29. Re3 f6 30. Rg6+ Kh8 31. Rh3 Rf7 32. Rxh5+ Rh7 33. Nh6 1-0

[Event "Buenos Aires Boca op"]
[Site "Buenos Aires"]
[Date "2001.09.20"]
[Round "4"]
[White "Perez Pietronave, Carlos"]
[Black "Slipak, Sergio"]
[Result "1-0"]
[WhiteElo "2280"]
[BlackElo "2472"]
[PlyCount "121"]
[EventDate "2001.09.17"]
[Source "ChessBase"]
[SourceDate "2001.10.26"]

1. e4 e5 2. f4 exf4 3. Nf3 Be7 4. Bc4 Nf6 5. e5 Ng4 6. O-O d5 7. exd6 Qxd6 8. d4 O-O 9. Nc3 Nc6 10. Nd5 Ne3 11. Nxe3 fxe3 12. Bxe3 Bg4 13. Qd2 Rad8 14. c3 Qg6 15. Bd3 Qh5 16. h3 Bc8 17. Ng5 Bxg5 18. Bxg5 f6 19. Bf4 Qf7 20. Qc2 f5 21. g4 Rde8 22. Rf2 Re7 23. Bg5 Ree8 24. Raf1 Qd5 25. Bxf5 Bxf5 26. Rxf5 Rxf5 27. Qxf5 Qxf5 28. Rxf5 Nd8 29. Bxd8 Rxd8 30. Kf2 g6 31. Re5 Kf7 32. Ke3 Rd6 33. a4 Rd8 34. b4 Rd6 35. b5 b6 36. c4 Rf6 37. Ke4 Rf1 38. Kd5 Ra1 39. Re6 Rxa4 40. Rc6 h5 41. g5 a6 42. Rxc7+ Ke8 43. bxa6 Rxa6 44. Kc6 Kd8 45. Rd7+ Ke8 46. Rc7 Kd8 47. Kb5 Ra5+ 48. Kxb6 Rxg5 49. d5 Rg3 50. c5 Rxh3 51. Rg7 Rd3 52. c6 Ke8 53. c7 Rb3+ 54. Kc6 Rc3+ 55. Kd6 Kf8 56. Rd7 h4 57. Rd8+ Kg7 58. c8=Q Rxc8 59. Rxc8 g5 60. Ke5 h3 61. Kf5 1-0

[Event "Reg Gillman Memorial C"]
[Site "?"]
[Date "1999.??.??"]
[Round "?"]
[White "Donnelly Michael J"]
[Black "Pyrich George D"]
[Result "1/2-1/2"]
[WhiteElo "2360"]
[BlackElo "2375"]
[PlyCount "41"]
[EventDate "1999.??.??"]
[Source "www.chesslib.no"]
[SourceDate "2004.05.04"]

1. e4 e5 2. f4 exf4 3. Nf3 Be7 4. Bc4 Nf6 5. e5 Ng4 6. d4 d6 7. exd6 Bxd6 8. Qe2+ Kf8 9. Nc3 Nc6 10. O-O Bf5 11. h3 Nf6 12. Nb5 Ne4 13. Nxd6 Qxd6 14. Bxf4 Qxf4 15. Ne5 Nxd4 16. Rxf4 Nxe2+ 17. Bxe2 Nd6 18. Raf1 Be6 19. c4 c5 20. b4 g5 21. Rf6 1/2-1/2

[Event "Tyneside International"]
[Site "Newcastle"]
[Date "1995.05.30"]
[Round "9"]
[White "Bryson, Douglas M"]
[Black "Mannion, Stephen R"]
[Result "1-0"]
[WhiteElo "2380"]
[BlackElo "2355"]
[PlyCount "55"]
[EventDate "1995.05.26"]
[Source "www.chesslib.no"]
[SourceDate "2004.05.04"]

1. e4 e5 2. f4 exf4 3. Nf3 Be7 4. Bc4 Nf6 5. e5 Ng4 6. d4 d5 7. exd6 Bxd6 8. Qe2+ Qe7 9. Qxe7+ Kxe7 10. Nc3 Re8 11. O-O h6 12. Nd5+ Kf8 13. Nxf4 Bxf4 14. Bxf4 Nc6 15. h3 Ne3 16. Bxe3 Rxe3 17. Ne5 Nxd4 18. Rxf7+ Ke8 19. Ng6 b5 20. Rd1 c5 21. Bd5 Rb8 22. c3 Rb6 23. Rxg7 Ra6 24. Bf7+ Kd8 25. cxd4 cxd4 26. Nf4 d3 27. Kf2 Re7 28. Rg8+ 1-0

[Event "Tuzla"]
[Site "Tuzla"]
[Date "1991.??.??"]
[Round "12"]
[White "Mujic, Hamza"]
[Black "Milovanovic, Rade"]
[Result "0-1"]
[WhiteElo "2270"]
[BlackElo "2445"]
[PlyCount "62"]
[EventDate "1991.??.??"]
[Source "www.chesslib.no"]
[SourceDate "2004.05.04"]

1. e4 e5 2. f4 exf4 3. Nf3 Be7 4. Bc4 Nf6 5. e5 Ng4 6. O-O d5 7. Bb3 Nc6 8. d4 g5 9. Nc3 Be6 10. Ne2 Qd7 11. h3 Ne3 12. Bxe3 fxe3 13. Qd3 O-O-O 14. Qxe3 Rdg8 15. Nh2 h5 16. Rf2 g4 17. hxg4 hxg4 18. g3 Bg5 19. Nf4 Ne7 20. Raf1 Nf5 21. Qd3 Nxg3 22. Nxe6 Nxf1 23. Nc5 g3 24. Nxd7 gxh2+ 25. Rxh2 Nxh2 26. Kf2 Ng4+ 27. Kg1 Be3+ 28. Kf1 Rh1+ 29. Ke2 Rh2+ 30. Ke1 Bd2+ 31. Kf1 Ne3+ 0-1

[Event "Corr"]
[Site "?"]
[Date "1995.12.30"]
[Round "?"]
[White "Rezzuti Vincenzo (ITA)"]
[Black "Kevorkyan Mikhail Rairovich ("]
[Result "1/2-1/2"]
[WhiteElo "2300"]
[BlackElo "2405"]
[PlyCount "45"]
[EventDate "1995.??.??"]
[Source "www.chesslib.no"]
[SourceDate "2004.05.04"]

1. e4 e5 2. f4 exf4 3. Nf3 Be7 4. Bc4 Nf6 5. e5 Ng4 6. Nc3 d6 7. exd6 Bxd6 8. Qe2+ Qe7 9. Qxe7+ Kxe7 10. d4 Be6 11. d5 Bd7 12. Ne4 Ne3 13. Bxe3 fxe3 14. O-O f6 15. Rae1 Re8 16. Rxe3 Kd8 17. Rfe1 Bf4 18. R3e2 b6 19. Nc3 Rxe2 20. Nxe2 Bd6 21. Ned4 a6 22. c3 c6 23. dxc6 1/2-1/2